Hacia un compromiso legislativo por el fortalecimiento del poder local /
Salvato in:
| Autore principale: | |
|---|---|
| Natura: | testo |
| Soggetti: | |
| Tags: |
Aggiungi Tag
Nessun Tag, puoi essere il primo ad aggiungerne!!
|
MARC
| LEADER | 00000 a a2200000 04500 | ||
|---|---|---|---|
| 001 | 16812 | ||
| 003 | |||
| 040 | |||
| 100 | |a Echeverría Alfaro, Juan José | ||
| 245 | |a Hacia un compromiso legislativo por el fortalecimiento del poder local / |c Juan José Echeverría Alfaro | ||
| 650 | |a GOBIERNO LOCAL | ||
| 650 | |a GOBERNABILIDAD | ||
| 650 | |a POLITICA DE DESARROLLO | ||
| 650 | |a PODER DE LA COMUNIDAD | ||
| 650 | |a CAMBIO SOCIAL | ||
| 773 | |g volumen 11, número 1; páginas 169-178 | ||
| 999 | |c 39020 |d 39020 | ||
